000 00856nam a2200289Ia 4500
005 20260324150009.0
008 008 260324s9999 xx 000 0 eng d
020 _a9780429307676
037 _aEBOOK
040 _aCRL
040 _beng
040 _cCRL
041 _2eng
041 _aeng
084 _qCRL
100 _aJohn K. Hatch; Elliott R. Morss; Charles F. Sweet; Donald R. Mickelwait
_91224910
245 0 _aStrategies For Small Farmer Development
245 3 _bAn Empirical Study Of Rural Development Projects In The Gambia, Ghana, Kenya, Lesotho, Nigeria, Bolivia, Columbia, Mexico, Paraguay And Peru
260 _bTaylor and Francis
260 _c1976
365 _a
365 _b230
856 _uhttp://www.taylorfrancis.com/books/9780429307676
942 _cEBOOK
999 _c1833628
_d1833628